00612nam a2200205 a 450000100060000000300080000600500170001400800410003103500190007204000230009104100080011408200200012210000350014224500740017726000470025130000290029850000180032750000200034565000410036553808BD-RjUL20211209080025.0161026s1956 enka 001 0 eng d a(BD-RjUL)53930 aUKMcUKMdEQObeng aeng0 a541.3bANP 19561 aAngus, L. H.q(Leslie Herbert)10aPhysical chemistry :bAdvanced and scholarship levels /cL.H. Angus. aLondon :bUniversity Tutorial Press,c1956 a392 p. :bill. ;c22 cm. aWith answers. aIncludes index. 0aChemistry, Physical and theoretical.